[Event "Offene Hessische Senioren Einzelmeisters"]
[Site "Bad Sooden- Allendorf"]
[Date "2011.05.03"]
[Round "4.1"]
[White "Schumacher, Gottfried"]
[Black "van den Berg, Ad"]
[Result "1/2-1/2"]
[WhiteElo "2291"]
[BlackElo "2220"]
[PlyCount "22"]
[EventDate "2011.??.??"]

1. d4 Nf6 2. Nf3 g6 3. c4 Bg7 4. Nc3 O-O 5. Bg5 c5 6. d5 h6 7. Bh4 d6 8. e3 Bf5
9. Bd3 Bxd3 10. Qxd3 Nbd7 11. O-O g5 1/2-1/2

[Event "Offene Hessische Senioren Einzelmeisters"]
[Site "Bad Sooden- Allendorf"]
[Date "2011.05.03"]
[Round "4.3"]
[White "Villing, Dieter"]
[Black "Jongsma, Lex"]
[Result "1-0"]
[WhiteElo "2223"]
[BlackElo "2196"]
[PlyCount "58"]
[EventDate "2011.??.??"]

1. d4 Nf6 2. Nc3 c5 3. d5 d6 4. e4 g6 5. Bb5+ Nbd7 6. a4 Bg7 7. f4 O-O 8. Nf3
a6 9. Be2 b6 10. O-O Rb8 11. Qe1 Re8 12. e5 Ng4 13. Ng5 Nh6 14. e6 Nf6 15. f5
gxf5 16. Bd3 c4 17. Bxf5 Nxf5 18. Rxf5 fxe6 19. dxe6 Rf8 20. Qh4 Qe8 21. Bd2
Qg6 22. Raf1 Bb7 23. R5f2 d5 24. Nd1 h6 25. Nf7 Ne4 26. Bf4 Qf6 27. Qxf6 Bxf6
28. Re2 Kh7 29. Bc1 d4 {weitere 7 Züge nicht rekonstruierbar} 1-0

[Event "Offene Hessische Senioren Einzelmeisters"]
[Site "Bad Sooden- Allendorf"]
[Date "2011.05.03"]
[Round "4.4"]
[White "Rüberg, Jobst"]
[Black "Liebert, Heinz"]
[Result "1/2-1/2"]
[WhiteElo "2143"]
[BlackElo "2240"]
[PlyCount "57"]
[EventDate "2011.??.??"]

1. e4 c5 2. Nf3 Nc6 3. Bb5 g6 4. O-O Bg7 5. c3 Nf6 6. Qa4 Qb6 7. Na3 O-O 8. h3
d6 9. Re1 Be6 10. d3 a6 11. Bxc6 Qxc6 12. Qxc6 bxc6 13. e5 Nd7 14. exd6 exd6
15. Bf4 d5 16. d4 Rfe8 17. Nc2 Bf5 18. Rac1 Be4 19. Be3 Rab8 20. b3 a5 21. Na1
c4 22. Bf4 Rbc8 23. Nc2 c5 24. bxc4 dxc4 25. Be3 Bd3 26. Red1 cxd4 27. Nfxd4
Nf6 28. Ne1 Ne4 29. Nb5 {weitere 30 Züge nicht rekonstruierbar} 1/2-1/2

[Event "Offene Hessische Senioren Einzelmeisters"]
[Site "Bad Sooden- Allendorf"]
[Date "2011.05.03"]
[Round "4.5"]
[White "Vogel, Jaap"]
[Black "Oud, Niek"]
[Result "1-0"]
[WhiteElo "2216"]
[BlackElo "2023"]
[PlyCount "51"]
[EventDate "2011.??.??"]

1. d4 d5 2. Nf3 Nf6 3. c4 e6 4. Nc3 Be7 5. Bg5 h6 6. Bh4 O-O 7. e3 Nbd7 8. Rc1
c6 9. Bd3 dxc4 10. Bxc4 Nd5 11. Bg3 Nxc3 12. bxc3 c5 13. O-O a6 14. a4 Qa5 15.
Qb3 Nf6 16. Bd3 Re8 17. Ne5 Qd8 18. Nc4 Ra7 19. Rfd1 Bd7 20. Ne5 b6 21. Rb1
cxd4 22. exd4 Qa8 23. Be2 Ne4 24. Bf3 f5 25. Nxd7 Rxd7 26. Qxe6+ 1-0

[Event "Offene Hessische Senioren Einzelmeisters"]
[Site "Bad Sooden- Allendorf"]
[Date "2011.05.03"]
[Round "4.6"]
[White "Baum, Dr. Bernd"]
[Black "Lang, Ferdinand"]
[Result "1/2-1/2"]
[WhiteElo "2267"]
[BlackElo "2125"]
[PlyCount "88"]
[EventDate "2011.??.??"]

1. g3 Nf6 2. d4 d5 3. Bg2 Nc6 4. Nf3 Bf5 5. O-O e6 6. c4 Be7 7. Nc3 O-O 8. Ne5
Rb8 9. Bf4 Ne4 10. cxd5 Nxc3 11. bxc3 exd5 12. Nxc6 bxc6 13. Qa4 g5 14. Bc1 Qd7
15. Re1 Rfd8 16. Ba3 Bd6 17. e4 Be6 18. e5 Bxa3 19. Qxa3 Bf5 20. Bf1 Rb7 21.
Qc1 h6 22. Qe3 Rb2 23. Bd3 Bxd3 24. Qxd3 Qe6 25. Kg2 a5 26. a4 Rdb8 27. Rab1
Kg7 28. h3 Rxb1 29. Rxb1 Rxb1 30. Qxb1 f6 31. f4 fxe5 32. fxe5 c5 33. Qb7 cxd4
34. Qxc7+ Kg6 35. cxd4 Qf5 36. Qd6+ Kg7 37. Qxd5 Qc2+ 38. Kf3 Qd1+ 39. Ke3 Qe1+
40. Kd3 Qb1+ 41. Kd2 Qb2+ 42. Ke3 Qc1+ 43. Kf2 Qd2+ 44. Kf3 Qd1+ 1/2-1/2

[Event "Offene Hessische Senioren Einzelmeisters"]
[Site "Bad Sooden- Allendorf"]
[Date "2011.05.03"]
[Round "4.7"]
[White "Weyrauch, Erich"]
[Black "Ljubarskij, Juri"]
[Result "0-1"]
[WhiteElo "2184"]
[BlackElo "2253"]
[PlyCount "64"]
[EventDate "2011.??.??"]

1. e4 c5 2. Nf3 Nc6 3. d4 cxd4 4. Nxd4 Nf6 5. Nc3 e5 6. Ndb5 d6 7. Bg5 a6 8.
Na3 b5 9. Bxf6 gxf6 10. Nd5 f5 11. Bd3 Be6 12. c3 Bg7 13. Nc2 O-O 14. Nde3 f4
15. Nf5 Bxf5 16. exf5 e4 17. Be2 Re8 18. Qd5 Qc7 19. Rd1 Rad8 20. Nd4 Na5 21.
a4 Qc5 22. Qxc5 dxc5 23. Nc2 Rxd1+ 24. Bxd1 bxa4 25. O-O Nc4 26. Na3 Nxb2 27.
Be2 Nd3 28. Nb1 Rb8 29. f3 Rb2 30. Bxd3 exd3 31. Rd1 Rb3 32. c4 a3 0-1

[Event "Offene Hessische Senioren Einzelmeisters"]
[Site "Bad Sooden- Allendorf"]
[Date "2011.05.03"]
[Round "4.8"]
[White "Ghijsen, Pim"]
[Black "Stimpel, Franz"]
[Result "1/2-1/2"]
[WhiteElo "2194"]
[BlackElo "2189"]
[PlyCount "26"]
[EventDate "2011.??.??"]

1. d4 Nf6 2. Nf3 d6 3. g3 g6 4. Bg2 Bg7 5. O-O O-O 6. Nc3 Nbd7 7. e4 e5 8. Re1
Re8 9. d5 a5 10. b3 Nc5 11. a3 Bd7 12. Bd2 Qc8 13. Qc1 Bh3 1/2-1/2

[Event "Offene Hessische Senioren Einzelmeisters"]
[Site "Bad Sooden- Allendorf"]
[Date "2011.05.03"]
[Round "4.9"]
[White "van Geffen, Ben"]
[Black "Arp, Frans"]
[Result "1/2-1/2"]
[WhiteElo "2135"]
[BlackElo "2101"]
[PlyCount "81"]
[EventDate "2011.??.??"]

1. e4 e5 2. Nf3 Nc6 3. Bb5 a6 4. Ba4 Nf6 5. d3 Be7 6. c3 b5 7. Bc2 d6 8. O-O
Bg4 9. Nbd2 O-O 10. h3 Bh5 11. Re1 h6 12. Nf1 Nh7 13. Ng3 Bg6 14. d4 Ng5 15.
Nxg5 Bxg5 16. dxe5 dxe5 17. Bxg5 Qxg5 18. Qg4 Qxg4 19. hxg4 Rad8 20. Rad1 Ne7
21. Rxd8 Rxd8 22. Rd1 Rxd1+ 23. Bxd1 c5 24. f3 f6 25. Bb3+ c4 26. Bc2 Kf8 27.
Kf2 Ke8 28. Nf1 Kd7 29. Ne3 Bf7 30. Ke2 g5 31. Kd2 Kd6 32. b3 Be6 33. bxc4 Bxc4
34. Bb3 Kc5 35. Bxc4 bxc4 36. a4 Nc8 37. Nf5 Nd6 38. Nxd6 Kxd6 39. Kc2 Kc5 40.
Kb2 a5 41. Kc2 1/2-1/2

[Event "Offene Hessische Senioren Einzelmeisters"]
[Site "Bad Sooden- Allendorf"]
[Date "2011.05.03"]
[Round "4.10"]
[White "Knaak, Joachim"]
[Black "Geisensetter, Franz"]
[Result "1-0"]
[WhiteElo "2190"]
[BlackElo "2082"]
[PlyCount "115"]
[EventDate "2011.??.??"]

1. d4 Nf6 2. Nf3 d5 3. c4 e6 4. Nc3 Be7 5. Bg5 O-O 6. e3 b6 7. cxd5 Nxd5 8.
Bxe7 Qxe7 9. Bd3 Bb7 10. Rc1 Na6 11. Nxd5 exd5 12. Qa4 Qb4+ 13. Qxb4 Nxb4 14.
Bb1 Rac8 15. a3 Nc6 16. Bf5 Rcd8 17. Bd3 Rc8 18. Rc3 Ne7 19. b4 c6 20. O-O f6
21. Rfc1 Rfe8 22. Nd2 g6 23. g4 g5 24. a4 Kg7 25. Kg2 Rh8 26. f3 h5 27. h3 hxg4
28. hxg4 Rcf8 29. e4 Ng6 30. exd5 Nf4+ 31. Kg1 Nxd5 32. Rb3 Nf4 33. Re1 Re8 34.
Be4 Re7 35. Nf1 Nh3+ 36. Kg2 Nf4+ 37. Kf2 Rd7 38. Bf5 Rf7 39. Rbe3 Rd8 40. Re8
Rxd4 41. Rb8 Nd3+ 42. Bxd3 Rxd3 43. Ree8 f5 44. gxf5 c5 45. Ne3 Rxe3 46. Kxe3
cxb4 47. Re6 Bd5 48. Rg6+ Kh7 49. Rxg5 b3 50. Rc8 Rf6 51. Rc1 Rh6 52. Rg2 Rh3
53. Rf1 Rh6 54. Kd4 Bc6 55. Ke5 Be8 56. Rfg1 Rh3 57. Rg7+ Kh6 58. Rg8 1-0

[Event "Offene Hessische Senioren Einzelmeisters"]
[Site "Bad Sooden- Allendorf"]
[Date "2011.05.03"]
[Round "4.11"]
[White "Niebling, Ferdinand"]
[Black "Lenk, Wolfgang"]
[Result "1-0"]
[WhiteElo "2189"]
[BlackElo "2238"]
[PlyCount "83"]
[EventDate "2011.??.??"]

1. d4 Nf6 2. c4 g6 3. Nc3 Bg7 4. Nf3 O-O 5. g3 d6 6. Bg2 Nc6 7. O-O a6 8. h3
Na5 9. Qd3 c5 10. Rd1 b5 11. dxc5 bxc4 12. Qc2 d5 13. e4 e6 14. Bg5 Qc7 15.
Bxf6 Bxf6 16. exd5 Bxc3 17. Qxc3 exd5 18. Ng5 h6 19. Bxd5 hxg5 20. Bxa8 Nb7 21.
Rac1 Bxh3 22. Bxb7 Qxb7 23. f3 Be6 24. Rd6 Qe7 25. Rcd1 Re8 26. Qd4 f6 27. Rd8
Bf7 28. Rxe8+ Bxe8 29. Qxc4+ Kg7 30. Qc3 Bf7 31. c6 Qc7 32. Kg2 Be6 33. Qc5 g4
34. Qd6 gxf3+ 35. Kxf3 Qc8 36. Qe7+ Bf7 37. Qd7 Qh8 38. Kg2 Qh5 39. Rd2 g5 40.
g4 Qg6 41. Qf5 Qh6 42. c7 1-0

[Event "Offene Hessische Senioren Einzelmeisters"]
[Site "Bad Sooden- Allendorf"]
[Date "2011.05.03"]
[Round "4.12"]
[White "Kahn, Peter"]
[Black "Holscher, Peter"]
[Result "1/2-1/2"]
[WhiteElo "2083"]
[BlackElo "2085"]
[PlyCount "125"]
[EventDate "2011.??.??"]

1. e4 d6 2. d4 Nf6 3. Nc3 g6 4. Bg5 Bg7 5. e5 Ng8 6. f4 c6 7. Qd2 f6 8. exf6
exf6 9. Bh4 Ne7 10. Be2 O-O 11. Nf3 Bg4 12. Bf2 d5 13. h3 Bxf3 14. Bxf3 Na6 15.
O-O Qd6 16. Rae1 Rae8 17. Re2 Nc7 18. Rfe1 Nc8 19. a3 Bh6 20. g3 Nb6 21. Nd1
Nc4 22. Qb4 Qxb4 23. axb4 Kf7 24. b3 Nd6 25. Rxe8 Rxe8 26. Rxe8 Kxe8 27. Be3
Nf5 28. Kf2 Nb5 29. c3 Bf8 30. g4 Nxe3 31. Kxe3 $11 Kd7 32. Be2 Nc7 33. h4 Bd6
34. Nf2 Ne6 35. Nh3 Ke7 36. Bd3 Ng7 37. Kf3 Kf7 38. h5 gxh5 39. Bxh7 hxg4+ 40.
Kxg4 Ne6 41. Bf5 Nc7 42. Bd3 b6 43. Kf5 Ne8 44. Kg4 Bf8 45. f5 Bh6 46. Nf4 Nc7
47. c4 Bf8 48. c5 b5 49. Ne6 Nxe6 50. fxe6+ Ke7 51. Kf3 Kxe6 52. Bg6 Ke7 53.
Bf5 Bh6 54. Ke2 Bf4 55. Bg4 Bc1 56. Kd3 Bg5 57. Bf5 Bh4 58. Ke2 Kd8 59. Bg4 Kc7
60. Bf5 Bg5 61. Bg4 Bf4 62. Bf5 Bh2 63. Kd3 1/2-1/2

[Event "Offene Hessische Senioren Einzelmeisters"]
[Site "Bad Sooden- Allendorf"]
[Date "2011.05.03"]
[Round "4.13"]
[White "Wünsch, Ulrich"]
[Black "Rollwitz, Jürgen"]
[Result "1-0"]
[WhiteElo "2142"]
[BlackElo "1978"]
[PlyCount "87"]
[EventDate "2011.??.??"]

1. d4 d6 2. Nf3 Nd7 3. c4 e5 4. d5 Ngf6 5. Nc3 Be7 6. Qc2 c6 7. dxc6 bxc6 8. e4
Bb7 9. Bg5 h6 10. Bh4 a6 11. Be2 Rb8 12. O-O O-O 13. Rfd1 Qc7 14. Rac1 Rfe8 15.
b4 Nf8 16. Nd2 Rbd8 17. Nb3 Ng6 18. Bxf6 Bxf6 $11 19. g3 Bg5 20. Rb1 d5 21.
cxd5 cxd5 22. Nc5 d4 23. Nd5 Bxd5 24. exd5 Rxd5 25. Bc4 Rd6 26. h4 Bd8 27. Qa4
Re7 28. Bxa6 Qc6 29. Qxc6 Rxc6 30. Bb5 Rc8 31. a4 Bb6 32. Ne4 Rc2 33. a5 Ba7
34. Bd3 Ra2 35. Nd6 Nf8 36. Nc8 Rc7 37. Nxa7 Rxa7 38. Ra1 Rxa1 39. Rxa1 Ne6 40.
b5 Nc5 41. b6 Ra8 42. a6 Kf8 43. b7 Nxb7 44. axb7 1-0

[Event "Offene Hessische Senioren Einzelmeisters"]
[Site "Bad Sooden- Allendorf"]
[Date "2011.05.03"]
[Round "4.14"]
[White "Bachmann, Rolf"]
[Black "Rädeker, Bernd"]
[Result "0-1"]
[WhiteElo "2039"]
[BlackElo "2220"]
[PlyCount "50"]
[EventDate "2011.??.??"]

1. d4 d5 2. c4 e6 3. Nc3 c5 4. cxd5 cxd4 5. Qxd4 Nc6 6. Qa4 exd5 7. Nf3 Nf6 8.
Bg5 Be7 9. e3 O-O 10. Be2 h6 11. Bh4 Be6 12. O-O a6 13. Rac1 b5 14. Qc2 Rc8 15.
Qb1 Qd7 16. Rfd1 b4 17. Na4 Qa7 18. b3 Ne4 19. Bxe7 Nxe7 20. Qd3 Rxc1 21. Rxc1
Rc8 22. Rxc8+ Bxc8 23. Nd4 Qc7 24. f3 Qc1+ 25. Qd1 Qxe3+ 0-1

[Event "Offene Hessische Senioren Einzelmeisters"]
[Site "Bad Sooden- Allendorf"]
[Date "2011.05.03"]
[Round "4.15"]
[White "Haselhorst, Helmut"]
[Black "Peleikis, Horst"]
[Result "1/2-1/2"]
[WhiteElo "2119"]
[BlackElo "2064"]
[PlyCount "49"]
[EventDate "2011.??.??"]

1. d4 Nf6 2. Nf3 g6 3. c4 c5 4. Nc3 cxd4 5. Nxd4 Bg7 6. e4 d6 7. Be2 O-O 8. O-O
Nc6 9. Be3 Nxd4 10. Bxd4 Be6 11. Rc1 Nd7 12. Be3 f5 13. exf5 gxf5 14. f4 Nf6
15. Kh1 Rf7 16. b3 Bd7 17. c5 Bc6 18. cxd6 exd6 19. Bf3 d5 20. Bd4 Ne4 $11 21.
g3 Qa5 22. Bxg7 Rxg7 23. Qd4 Rd8 24. a4 Qb6 25. Nb5 1/2-1/2

[Event "Offene Hessische Senioren Einzelmeisters"]
[Site "Bad Sooden- Allendorf"]
[Date "2011.05.03"]
[Round "4.16"]
[White "Just, Fred"]
[Black "Causevic, Ismet"]
[Result "1/2-1/2"]
[WhiteElo "2198"]
[BlackElo "1946"]
[PlyCount "94"]
[EventDate "2011.??.??"]

1. d4 d5 2. Nf3 Nf6 3. e3 e6 4. Nbd2 c6 5. Bd3 Nbd7 6. O-O Be7 7. b3 c5 8. Bb2
O-O 9. c4 b6 10. cxd5 Nxd5 11. Nc4 Bb7 12. Nce5 Nxe5 13. Nxe5 Nf6 14. Qe2 Bd6
15. Ng4 cxd4 16. Bxd4 Nxg4 17. Qxg4 e5 18. Bb2 Qe7 19. Rad1 Rad8 20. Qh3 e4 21.
Qg4 Be5 22. Bxe5 Qxe5 23. Bc4 b5 24. Bxf7+ Kxf7 25. Rd7+ Rxd7 26. Qxd7+ Qe7 27.
Qxb5 Rd8 28. h3 Rd6 29. Rc1 Qd7 30. Qh5+ Kg8 31. Qe5 Rd1+ 32. Rxd1 Qxd1+ 33.
Kh2 Qd7 34. Qb8+ Bc8 35. b4 h6 36. a4 a6 37. b5 axb5 38. axb5 Kh7 39. b6 Bb7
40. Qc7 Qd5 41. h4 Qc6 42. Qxc6 Bxc6 43. Kg3 Kg6 44. Kg4 Kf6 45. Kf4 g5+ 46.
hxg5+ hxg5+ 47. Kg3 Kf5 1/2-1/2

[Event "Offene Hessische Senioren Einzelmeisters"]
[Site "Bad Sooden- Allendorf"]
[Date "2011.05.03"]
[Round "4.17"]
[White "Haubt, Georg"]
[Black "Reinhold, Dr. Klaus"]
[Result "1-0"]
[WhiteElo "2207"]
[BlackElo "2114"]
[PlyCount "81"]
[EventDate "2011.??.??"]

1. e4 e5 2. Nc3 Nf6 3. g3 c6 4. Bg2 d5 5. d3 dxe4 6. Nxe4 Bf5 7. Qe2 Nxe4 8.
dxe4 Bg6 9. Bd2 Nd7 10. Bc3 Qc7 11. Nf3 f6 12. O-O O-O-O 13. b4 Bf7 14. a4 Nb6
15. Nd2 Kb8 16. Rfb1 Nc8 17. Bf1 h5 18. Nb3 g5 19. Bd2 g4 20. c4 Bh6 21. Be3 h4
22. b5 hxg3 23. hxg3 Bxe3 24. Qxe3 Be6 25. Qc5 Qh7 26. Bg2 Nb6 27. Na5 cxb5 28.
Rxb5 Rd7 29. Qb4 Rhd8 30. Re1 Rd4 31. Rc5 Rd1 32. Rb5 Rxe1+ 33. Qxe1 Bxc4 34.
Rxb6 axb6 35. Nxc4 Rd4 36. Nxb6 Qc7 37. Qa5 Qc1+ 38. Bf1 Rd1 39. Qb5 Ka7 40.
Nd5 Kb8 41. Nxf6 1-0

[Event "Offene Hessische Senioren Einzelmeisters"]
[Site "Bad Sooden- Allendorf"]
[Date "2011.05.03"]
[Round "4.18"]
[White "Zunker, Dr. Reinhard"]
[Black "Just, Joachim"]
[Result "1-0"]
[WhiteElo "2211"]
[BlackElo "2032"]
[PlyCount "73"]
[EventDate "2011.??.??"]

1. e4 e6 2. d4 d5 3. Nc3 dxe4 4. Nxe4 Nd7 5. Nf3 Ngf6 6. Bd3 Nxe4 7. Bxe4 Nf6
8. Bg5 Be7 9. Bxf6 gxf6 10. Qe2 c6 11. O-O-O Qa5 12. Kb1 Bd7 13. c4 Qh5 14. h3
f5 15. g4 fxg4 16. Ne5 Qg5 17. hxg4 Rd8 18. f4 Qg7 19. g5 Kf8 20. Qh5 Be8 21.
Bxh7 c5 22. d5 exd5 23. cxd5 Bd6 24. Qh6 Qxh6 25. Rxh6 Kg7 26. Be4 Rxh6 27.
gxh6+ Kxh6 28. Rg1 c4 29. Rg8 Rb8 30. Ng4+ Kh5 31. Nf6+ Kh4 32. Rxe8 Bxf4 33.
Rxb8 Bxb8 34. Ne8 Bf4 35. d6 b5 36. d7 Bg5 37. Nd6 1-0

[Event "Offene Hessische Senioren Einzelmeisters"]
[Site "Bad Sooden- Allendorf"]
[Date "2011.05.03"]
[Round "4.19"]
[White "Busic, Nedjeljko"]
[Black "Lindner, Jan-Joost"]
[Result "1/2-1/2"]
[WhiteElo "2059"]
[BlackElo "2155"]
[PlyCount "59"]
[EventDate "2011.??.??"]

1. e4 e6 2. d4 d5 3. Nc3 Bb4 4. e5 b6 5. Qg4 Bf8 6. f4 Qd7 7. Nf3 Nh6 8. Qh3 c5
9. Bd3 Ba6 10. O-O Bxd3 11. cxd3 Nf5 12. g4 Nxd4 13. Nxd4 cxd4 14. Ne2 Nc6 15.
a3 O-O-O 16. Bd2 Kb7 17. b4 Rc8 18. Rfc1 Be7 19. Qg3 f6 20. Kg2 h5 21. b5 Nb8
22. Rxc8 Qxc8 23. Nxd4 h4 24. Qf3 Rf8 25. Qe2 Bc5 26. Bb4 h3+ 27. Kh1 Qe8 28.
Bxc5 bxc5 29. Nb3 Nd7 30. Kg1 {weitere 11 Züge nicht rekonstruierbar} 1/2-1/2

[Event "Offene Hessische Senioren Einzelmeisters"]
[Site "Bad Sooden- Allendorf"]
[Date "2011.05.03"]
[Round "4.20"]
[White "Achenbach, Manfred"]
[Black "Kempen, Willi"]
[Result "1/2-1/2"]
[WhiteElo "2160"]
[BlackElo "2046"]
[PlyCount "128"]
[EventDate "2011.??.??"]

1. Nf3 d5 2. c4 dxc4 3. Qa4+ c6 4. Qxc4 Nf6 5. g3 Nbd7 6. Bg2 Nb6 7. Qc2 g6 8.
e4 Bg7 9. d4 O-O 10. O-O Bg4 11. Be3 Qc8 12. a4 Bh3 13. a5 Bxg2 14. Kxg2 Nbd7
15. h3 a6 16. Nc3 Ne8 17. Qb3 Nc7 18. Rac1 e6 19. Rfd1 Nb5 20. e5 h6 21. Nxb5
axb5 22. Bd2 Re8 23. Bb4 Bf8 24. Nd2 Bxb4 25. Qxb4 Qd8 26. Ra1 Qe7 27. Qxe7
Rxe7 28. b4 Nb8 29. Ne4 Na6 30. Rab1 Kg7 31. Kf3 Nc7 32. g4 Nd5 33. h4 f6 34.
exf6+ Nxf6 35. Nxf6 Kxf6 36. Ke4 Rd7 37. f4 Rad8 38. Rbc1 Rd6 39. Rc3 Kg7 40.
Rc5 Kf6 41. Ke3 Rd5 42. Rc2 R5d6 43. Ra2 Ra8 44. Rg2 Rad8 45. h5 g5 46. Rf2
gxf4+ 47. Rxf4+ Kg7 48. Rdf1 R8d7 49. Re4 Rf7 50. Rxf7+ Kxf7 51. Rf4+ Kg7 52.
Rf1 Rd5 53. Rc1 Rg5 54. a6 bxa6 55. Rxc6 Kf7 56. Rxa6 Rxg4 57. Ra7+ Kf6 58. Rh7
Kg5 59. Rb7 Kxh5 60. Rxb5+ Kg6 61. Rb8 Rg3+ 62. Ke4 Kf6 63. Rf8+ Ke7 64. Rh8
Rb3 1/2-1/2

[Event "Offene Hessische Senioren Einzelmeisters"]
[Site "Bad Sooden- Allendorf"]
[Date "2011.05.03"]
[Round "4.21"]
[White "Mann, Klaus-Dieter"]
[Black "Biller, Dr. Helmut"]
[Result "1/2-1/2"]
[WhiteElo "2116"]
[BlackElo "2139"]
[PlyCount "38"]
[EventDate "2011.??.??"]

1. c4 c5 2. Nc3 g6 3. g3 Bg7 4. Bg2 Nc6 5. e3 e5 6. Nge2 Nge7 7. e4 d6 8. d3
O-O 9. O-O Rb8 10. a3 a6 11. Bd2 b5 12. b3 h6 13. Rb1 Bd7 14. Nd5 Nxd5 15. cxd5
Ne7 16. b4 Rc8 17. Rc1 cxb4 18. axb4 f5 19. Qb3 Kh7 1/2-1/2

[Event "Offene Hessische Senioren Einzelmeisters"]
[Site "Bad Sooden- Allendorf"]
[Date "2011.05.03"]
[Round "4.22"]
[White "Petzold, Dr. Hans"]
[Black "Johannsen, Ingbert"]
[Result "0-1"]
[WhiteElo "2157"]
[BlackElo "2048"]
[PlyCount "94"]
[EventDate "2011.??.??"]

1. e4 e6 2. d3 d5 3. Nd2 Nf6 4. Ngf3 c5 5. g3 Be7 6. Bg2 Nc6 7. O-O O-O 8. Re1
Qc7 9. c3 b5 10. Nf1 Bb7 11. e5 Nd7 12. Bf4 Rfd8 13. h4 Nf8 14. d4 a5 15. h5 a4
16. h6 g6 17. Bg5 Bxg5 18. Nxg5 Qe7 19. Nf3 b4 20. a3 b3 21. Ne3 Nd7 22. Qd2
Ba6 23. Ng4 Na5 24. Rab1 Nc4 25. Qf4 Rdc8 26. Bf1 cxd4 27. Nxd4 Rc5 28. Red1 g5
29. Nf6+ Qxf6 30. Qxf6 Nxf6 31. exf6 Ne5 32. f4 gxf4 33. gxf4 Ng4 34. Bxa6 Rxa6
35. Rd3 Nxf6 36. Rg3+ Kf8 37. Re1 Ne4 38. Rg7 Nxc3 39. Rxh7 Ne4 40. Rh8+ Ke7
41. Rb8 Nf6 42. Rb7+ Kf8 43. Nf3 Rac6 44. Re2 Rc1+ 45. Kf2 Ng4+ 46. Kg3 Nxh6
47. Ne5 R6c2 0-1

[Event "Offene Hessische Senioren Einzelmeisters"]
[Site "Bad Sooden- Allendorf"]
[Date "2011.05.03"]
[Round "4.23"]
[White "Schnaitmann, Herbert"]
[Black "Kopp, Dr. Peter"]
[Result "1/2-1/2"]
[WhiteElo "2044"]
[BlackElo "2126"]
[PlyCount "85"]
[EventDate "2011.??.??"]

1. d4 Nf6 2. Nf3 g6 3. b3 Bg7 4. Bb2 O-O 5. e3 c5 6. Bd3 Nc6 7. Nbd2 d6 8. O-O
Nb4 9. Ne4 Nxe4 10. Bxe4 d5 11. Bd3 Nxd3 12. Qxd3 Bf5 13. Qe2 Rc8 14. c3 c4 15.
bxc4 Rxc4 16. Nd2 Rc6 17. c4 dxc4 18. Nxc4 Qd5 19. Na3 Rfc8 20. Rfc1 Rxc1+ 21.
Bxc1 e5 22. Bb2 exd4 23. exd4 Rd8 24. Kh1 Bh3 25. f3 Bf5 26. Nc2 Bd7 27. Nb4
Qd6 28. a3 Re8 29. Qd2 Bb5 30. a4 Re2 31. Qc3 Bd7 32. Nd3 Bc6 33. Ne5 Bxe5 34.
dxe5 Qd2 35. Qxd2 Rxd2 36. Bc3 Rd3 37. Be1 Bxa4 38. Rxa4 Rd1 39. Re4 a5 40. Kg1
b5 41. Kf2 b4 42. Bxb4 axb4 43. Rxb4 1/2-1/2

[Event "Offene Hessische Senioren Einzelmeisters"]
[Site "Bad Sooden- Allendorf"]
[Date "2011.05.03"]
[Round "4.24"]
[White "Kripp, Wolfgang"]
[Black "Neumann, Horst"]
[Result "1-0"]
[WhiteElo "2153"]
[BlackElo "1958"]
[PlyCount "37"]
[EventDate "2011.??.??"]

1. e4 c6 2. d4 d5 3. f3 e6 4. Be3 Qb6 5. Nd2 Qxb2 6. Bd3 Bb4 7. Ne2 Bxd2+ 8.
Bxd2 Qb6 9. O-O Ne7 10. Qe1 O-O 11. Ba5 Qb2 12. Qd2 c5 13. Rfb1 Qxa1 14. Rxa1
c4 15. Bb4 Nbc6 16. exd5 Nxb4 17. Bxh7+ Kxh7 18. Qxb4 Nxd5 19. Qxf8 1-0

[Event "Offene Hessische Senioren Einzelmeisters"]
[Site "Bad Sooden- Allendorf"]
[Date "2011.05.03"]
[Round "4.25"]
[White "Blab, Ludwig"]
[Black "Geisler, Reinhard"]
[Result "1/2-1/2"]
[WhiteElo "2146"]
[BlackElo "1894"]
[PlyCount "40"]
[EventDate "2011.??.??"]

1. c4 c6 2. d4 d5 3. e3 Nf6 4. Nf3 Bf5 5. Nc3 e6 6. cxd5 exd5 7. Bd3 Bxd3 8.
Qxd3 Nbd7 9. O-O Bd6 10. Re1 O-O 11. g3 Re8 12. Nh4 g6 13. f3 c5 14. Bd2 a6 15.
Rad1 b5 16. Nxd5 Nxd5 17. dxc5 Nxe3 18. Bxe3 Bxc5 19. Qxd7 Qxd7 20. Rxd7 Rxe3
1/2-1/2

[Event "Offene Hessische Senioren Einzelmeisters"]
[Site "Bad Sooden- Allendorf"]
[Date "2011.05.03"]
[Round "4.26"]
[White "Gousseinov, Aguif"]
[Black "Held, Helmut"]
[Result "1-0"]
[WhiteElo "1979"]
[BlackElo "1999"]
[PlyCount "69"]
[EventDate "2011.??.??"]

1. e4 e6 2. d4 d5 3. exd5 exd5 4. Bf4 Bd6 5. Qd2 Ne7 6. Nf3 Bxf4 7. Qxf4 O-O 8.
Nc3 Ng6 9. Qd2 Re8+ 10. Be2 c6 11. O-O Nd7 12. Bd3 Ndf8 13. Rfe1 Bd7 14. Rxe8
Bxe8 15. Ne2 Qf6 16. c3 Bd7 17. Qg5 Re8 18. Qxf6 gxf6 19. h3 h6 20. Kf1 Nh7 21.
Ng3 Nf4 22. Bf5 Be6 23. Bc2 Ng5 24. Nh4 Ngxh3 25. gxh3 Bxh3+ 26. Kg1 Bd7 27.
Nhf5 h5 28. Ne3 h4 29. Ngf5 Nh3+ 30. Kg2 Ng5 31. Nxh4 Bh3+ 32. Kg3 Bd7 33. Nhf5
Ne4+ 34. Bxe4 Rxe4 35. Kf3 1-0

[Event "Offene Hessische Senioren Einzelmeisters"]
[Site "Bad Sooden- Allendorf"]
[Date "2011.05.03"]
[Round "4.27"]
[White "Nietsch, Horst"]
[Black "Hunold, Rolf"]
[Result "0-1"]
[WhiteElo "2010"]
[BlackElo "2122"]
[PlyCount "90"]
[EventDate "2011.??.??"]

1. e4 c5 2. Nf3 e6 3. d4 cxd4 4. Nxd4 a6 5. Nc3 Qc7 6. Be2 Nf6 7. O-O Nc6 8.
Be3 Bb4 9. f3 O-O 10. Nb3 Ne5 11. Kh1 b5 12. Bd4 Bb7 13. f4 Nc4 14. Bxc4 bxc4
15. Bxf6 gxf6 16. Nd2 Kh8 17. Qh5 Rg8 18. Rf3 f5 19. Rh3 Rg7 20. Qh4 fxe4 21.
Qf6 d5 22. Re1 Qe7 23. Qh6 f5 24. Ree3 d4 25. Reg3 Rxg3 26. Rxg3 dxc3 27. bxc3
Ba5 28. Nxc4 Rd8 29. h3 Bc7 30. Ne5 Bxe5 31. fxe5 Rg8 32. Rxg8+ Kxg8 33. Qe3
Bd5 34. a4 Kg7 35. Kh2 Kg6 36. Qd4 Qc7 37. Qe3 Qxe5+ 38. Kg1 f4 39. Qc5 Qg5 40.
c4 f3 41. g4 Qc1+ 42. Kf2 Qxc2+ 43. Kg3 Qg2+ 44. Kf4 Qh2+ 45. Ke3 Qg1+ 0-1

[Event "Offene Hessische Senioren Einzelmeisters"]
[Site "Bad Sooden- Allendorf"]
[Date "2011.05.03"]
[Round "4.28"]
[White "Thieme, Hans"]
[Black "Kluger, Hans-Peter"]
[Result "1-0"]
[WhiteElo "2101"]
[BlackElo "1944"]
[PlyCount "33"]
[EventDate "2011.??.??"]

1. e4 c6 2. d4 d5 3. Nc3 dxe4 4. Nxe4 Bf5 5. Ng3 Bg6 6. Nh3 h6 7. Nf4 Bh7 8.
Bc4 e6 9. O-O Bd6 10. Ngh5 g6 11. Ng7+ Kd7 12. Re1 g5 13. Nfxe6 Qf6 14. Nc5+
Kc8 15. Qg4+ Kd8 16. Re8+ Kc7 17. Qc8+ 1-0

[Event "Offene Hessische Senioren Einzelmeisters"]
[Site "Bad Sooden- Allendorf"]
[Date "2011.05.03"]
[Round "4.29"]
[White "Hobusch, Werner"]
[Black "Burckhardt, Karl"]
[Result "1-0"]
[WhiteElo "2150"]
[BlackElo "1974"]
[PlyCount "145"]
[EventDate "2011.??.??"]

1. e4 d6 2. d4 Nf6 3. Nc3 Nbd7 4. f4 e5 5. fxe5 dxe5 6. dxe5 Nxe5 7. Qxd8+ Kxd8
8. Bg5 Be7 9. O-O-O+ Bd7 10. h3 h6 11. Bh4 g5 12. Bf2 a6 13. Nf3 Bd6 14. Bd4
Re8 15. Be2 Ng8 16. Nxe5 Bxe5 17. Bxe5 Rxe5 18. Bg4 Nf6 19. Bxd7 Nxd7 20. Rhf1
Ke8 21. Nd5 Rc8 22. Nf6+ Nxf6 23. Rxf6 Re6 24. Rdf1 Rxf6 25. Rxf6 Kf8 26. Rxh6
Kg7 27. Rh5 Kg6 28. g4 Re8 29. Kd2 Rxe4 30. Rh8 Kg7 31. Rd8 Re7 32. c4 b6 33.
b4 Re4 34. Kd3 Rf4 35. Rc8 Rf3+ 36. Ke4 Rxh3 37. Rxc7 Kg6 38. Rc6+ f6 39. Rxb6
Rg3 40. c5 Rxg4+ 41. Kd5 Rg2 42. Rxa6 Rd2+ 43. Ke4 Rb2 44. a3 Re2+ 45. Kf3 Rc2
46. a4 Rc3+ 47. Ke2 g4 48. Kf2 Kg5 49. Rd6 Rc2+ 50. Ke3 g3 51. Kf3 Rc3+ 52. Kg2
f5 53. c6 f4 54. Rd5+ Kg4 55. Rc5 f3+ 56. Kf1 Rxc5 57. bxc5 Kh3 58. c7 Kh2 59.
c8=Q g2+ 60. Kf2 g1=Q+ 61. Kxf3 Qg3+ 62. Ke4 Qh4+ 63. Kd5 Qxa4 64. Qh8+ Kg3 65.
Qc3+ Kg2 66. Qd2+ Kf3 67. Qc3+ Kf4 68. Qd4+ Qxd4+ 69. Kxd4 Kf5 70. Kd5 Kf6 71.
Kd6 Kf5 72. Kd7 Ke5 73. c6 1-0